| 000 | 00500cam a2200169 i 4500 | ||
|---|---|---|---|
| 003 | OSt | ||
| 005 | 20260409102717.0 | ||
| 008 | 121220s2013 ii b 001 0 eng d | ||
| 020 | _a9780198090403 | ||
| 040 |
_beng _cHDL |
||
| 082 | 0 | 4 | _a294.5 Q3 |
| 245 | 1 | 0 |
_aBoundaries of religion : _bessays on Christianity, ethnic conflict, and violence / _cRowena Robinson. |
| 264 | 1 |
_aNew Delhi : _bOxford University Press, _c2013. |
|
| 300 | _axx, 299 pages | ||
| 942 |
_2CC _cTEXL _n0 |
||
| 999 |
_c1848134 _d1848134 |
||